Geography Click Chain - Statistics

General Stats
  • This quiz has been taken 128 times
    107 since last reset
  • The average score is 16 of 25
Answer Stats
Hint Answer % Correct
The U.S. state home to Chicago is… Illinois
96%
Which gained independence in… 1776
88%
Which was formed from how many countries? 15
82%
Who took office in… 2024
79%
Whose current prime minister is… Sir Keir Starmer
79%
Which is a region in… United States
79%
Who used to be a part of… Soviet Union
74%
Which is the birth year of… John Constable
72%
Which has the highest population in the… Midwest
72%
Whose 3rd largest city is… Kolkata
70%
Which marked the end of the… Syrian Civil War
68%
Whose largest supporter was… Russia
65%
Which borders the 7th largest nation (in land area)… India
63%
Whose biggest country is… Australia
61%
Which is consider a lucky number in… China
61%
Which is home to the mountain… Kunanyi
56%
Which owns the most… Overseas territories
54%
Whose biggest non-mainland island is… Tasmania
54%
Whose least densely populated province is… Tibet
54%
Which is home to the… Victoria Memorial
51%
Which are mostly in the continent… Oceania
49%
Who lived in the sovereign country… United Kingdom
49%
Whose capital is… Hobart
46%
Which is also in… London
37%
Which is part of the constituent country… England
35%
No matching quizzes found
Score Distribution
Percent of People with Each Score
Percentile by Number Answered
Your Score History
You have not taken this quiz since the last reset